Elements of water supply and waste water disposal / (Record no. 1564)
[ view plain ]
| 000 -LEADER | |
|---|---|
| fixed length control field | 00531cam a2200205ua 4500 |
| 041 ## - LANGUAGE CODE | |
| Language code of text/sound track or separate title | eng |
| 082 ## - DEWEY DECIMAL CLASSIFICATION NUMBER | |
| Classification number | 628.11 |
| Item number | FAI/EL |
| 100 ## - MAIN ENTRY--AUTHOR NAME | |
| Personal name | Fair, Gordon Maskew . |
| 245 ## - TITLE STATEMENT | |
| Title | Elements of water supply and waste water disposal / |
| 250 ## - EDITION STATEMENT | |
| Edition statement | 1 / |
| 260 ## - PUBLICATION, DISTRIBUTION, ETC. (IMPRINT) | |
| Place of publication | : |
| Name of publisher | John Wiley & Sons , |
| Year of publication | 1961. |
| 300 ## - PHYSICAL DESCRIPTION | |
| Number of Pages | 615 ; . |
| 700 1# - ADDED ENTRY--PERSONAL NAME | |
| Personal name | Geyer, John charles . |
| 942 ## - ADDED ENTRY ELEMENTS (KOHA) | |
| Koha item type | Books |
| Withdrawn status | Lost status | Damaged status | Home library | Current library | Date acquired | Full call number | Accession Number | Koha item type |
|---|---|---|---|---|---|---|---|---|
| KAUAET | KAUAET | 07/04/2012 | 628.11 | 3624 | Books | |||
| KAUAET | KAUAET | 27/03/1987 | 628.11 | 16202 | Books |
